| 000 | 00717cab a2200229 4500 | ||
|---|---|---|---|
| 001 | ##L132280 | ||
| 008 | 060124n2006 000 0 eng u | ||
| 035 | _a(Sirsi) u132280 | ||
| 041 | 0 | _aeng | |
| 100 | 1 | _aBrasse, Jonathan | |
| 245 | 0 | 0 |
_aGlos, Herefords, Worcs and Warks _bregional |
| 260 | _c2006 | ||
| 490 | 0 |
_aProperty Week _v20 January 2006, 59-68(6) |
|
| 520 | _aConsiders mixed use developments in Gloucester, retail parks in Cheltenham and the Warwick office market. | ||
| 590 | _aIKA310106 | ||
| 650 | 2 | 4 | _aGLOUCESTERSHIRE |
| 650 | 2 | 4 | _aHEREFORDSHIRE |
| 650 | 2 | 4 | _aWORCESTERSHIRE |
| 650 | 2 | 4 | _aWARWICKSHIRE |
| 690 | _aPROPERTY-COMMERCIAL PROPERTY-COMMERCIAL PROPERTY DEVELOPMENT | ||
| 942 | _n0 | ||
| 999 |
_c76383 _d76383 |
||